[Event "Druzynowe Mistrzostw Polski Juniorow - II Liga"]
[Site "Wroclaw"]
[Date "1899-12-30"]
[Round "9.56"]
[White "Sputowski, Jakub"]
[Black "Kucharski, Sylwester"]
[Result "1/2-1/2"]
[WhiteTitle "I"]
[BlackTitle "I"]
[WhiteElo "1677"]
[BlackElo "1441"]

1. e4 g6 2. d4 Bg7 3. Nc3 d6 4. Nf3 Nd7 5. Be3 e6 6. Qd2 h6 7. O-O-O a6 8. Bd3
b5 9. Rhe1 Ne7 10. e5 d5 11. h4 Nc6 12. h5 g5 13. Kb1 Bf8 14. Nh2 Nb4 15. Be2
Nb6 16. b3 Nc6 17. Bd3 Nb4 18. Bf1 Be7 19. Ng4 Nd7 20. g3 c5 21. dxc5 Nxc5 22.
Bxc5 Bxc5 23. Nf6+ Kf8 24. a3 Nc6 25. f4 gxf4 26. Qxf4 Be7 27. Nfe4 Qa5 28. Nd6
Bxd6 29. Qf6 Rh7 30. exd6 Qd8 31. Qf4 Qg5 32. Nxd5 exd5 33. d7 Qxf4 34. dxc8=Q+
Rxc8 35. gxf4 Rd8 36. Bg2 Ne7 37. Rd2 Rg7 38. Red1 Rg4 1/2-1/2

[Event "Druzynowe Mistrzostw Polski Juniorow - II Liga"]
[Site "Wroclaw"]
[Date "1899-12-30"]
[Round "9.57"]
[White "Rajlich, Vaclav"]
[Black "Dylong, Antoni"]
[Result "1/2-1/2"]
[WhiteTitle "II"]
[BlackTitle "I"]
[WhiteElo "1326"]
[BlackElo "1576"]

1. e4 e6 2. d4 d5 3. Nd2 Nf6 4. e5 Nfd7 5. f4 c5 6. c3 Nc6 7. Ndf3 Qb6 8. a3 a5
9. b3 Be7 10. Bb2 f6 11. Ne2 c4 12. b4 O-O 13. h4 fxe5 14. fxe5 Nd8 15. Qc2 Nf7
16. Kd2 axb4 17. axb4 Rxa1 18. Bxa1 Qd8 19. Qb1 Nh6 20. Ng3 b5 21. Bb2 Nf5 22.
Nxf5 Rxf5 23. Be2 Nb6 24. Bc1 Na4 25. Qc2 Bd7 26. Kd1 Be8 27. Bg5 Bg6 28. Qd2
Bh5 29. Rg1 Bxf3 30. gxf3 Bxg5 31. hxg5 Rf8 32. f4 g6 33. Bg4 Qe7 34. Kc2 Kf7
35. Rh1 Kg8 36. Qh2 Rf7 37. Qh3 Rxf4 38. Bxe6+ Kf8 39. Rf1 Qxg5 40. Bxd5 Kg7 41.
Rf3 h5 42. Bc6 Rh4 43. Qg3 Rg4 44. Qf2 h4 45. Bd5 Kh6 46. Rf8 Qe7 47. Rf7 Qg5
48. Rc7 Rf4 49. Qe3 Qf5+ 50. Kc1 Qg5 51. Kc2 Qf5+ 52. Kc1 Qg5 53. Kc2 1/2-1/2

[Event "Druzynowe Mistrzostw Polski Juniorow - II Liga"]
[Site "Wroclaw"]
[Date "1899-12-30"]
[Round "9.58"]
[White "Nguyen, Doan Quoc Anh"]
[Black "Bombinski, Michal"]
[Result "0-1"]
[WhiteTitle "II"]
[BlackTitle "II"]
[WhiteElo "1293"]
[BlackElo "1168"]

1. e4 c5 2. Nf3 g6 3. d4 Bg7 4. c4 Qb6 5. dxc5 Qxc5 6. Nc3 Bxc3+ 7. bxc3 d6 8.
Be3 Qc7 9. Bd4 f6 10. h3 e5 11. Be3 Be6 12. Qd3 Nd7 13. Rd1 Ke7 14. Be2 b6 15.
O-O Rc8 16. Nd2 f5 17. f4 Ngf6 18. Qc2 Nc5 19. fxe5 dxe5 20. Bg5 Ncd7 21. Bd3
f4 22. Be2 h6 23. Bxf6+ Nxf6 24. Qa4 Bd7 25. Qb4+ Qc5+ 26. Qxc5+ Rxc5 27. Rb1
g5 28. Rb3 Rd8 29. Rd1 g4 30. hxg4 Bxg4 31. Bxg4 Nxg4 32. Rb2 Ne3 33. Re1 0-1

[Event "Druzynowe Mistrzostw Polski Juniorow - II Liga"]
[Site "Wroclaw"]
[Date "1899-12-30"]
[Round "9.59"]
[White "Kicinska, Magdalena"]
[Black "Kulpa, Karolina"]
[Result "1-0"]
[WhiteTitle "I++"]
[BlackTitle "I"]
[WhiteElo "1440"]
[BlackElo "1461"]

1. d4 d5 2. Nf3 Nf6 3. Bg5 Ne4 4. Bh4 Qd6 5. Nbd2 Qh6 6. Qc1 Nc6 7. c3 Qh5 8. h3
f6 9. g4 Qf7 10. Nxe4 dxe4 11. Nd2 e3 12. fxe3 g5 13. Bg3 h5 14. gxh5 Rxh5 15.
Bg2 Qh7 16. Be4 Qh6 17. h4 gxh4 18. Bf3 hxg3 19. Bxh5+ Kd8 20. Bf3 Qxe3 21. Ne4
Qxc1+ 22. Rxc1 Be6 23. Nc5 Bf7 24. Nxb7+ Kd7 25. Nc5+ Kd6 26. Ne4+ Kd7 27. Nxg3
Re8 28. Ne4 Bg6 29. Nc5+ Kd6 30. Kf2 e5 31. Rcg1 Bf5 32. Rh5 Ne7 33. Be4 Bxe4
34. Nxe4+ Ke6 35. dxe5 fxe5 36. Rgg5 Nc6 37. Rg6+ Kd7 38. Nf6+ 1-0

[Event "Druzynowe Mistrzostw Polski Juniorow - II Liga"]
[Site "Wroclaw"]
[Date "1899-12-30"]
[Round "9.60"]
[White "Cichon, Julia"]
[Black "Kicinska, Anna"]
[Result "0-1"]
[WhiteTitle "II+"]
[BlackTitle "I+"]
[WhiteElo "1054"]
[BlackElo "1297"]

1. e4 c5 2. Nc3 d6 3. g3 Nc6 4. Bg2 Nf6 5. d3 g6 6. Nge2 Bg7 7. O-O O-O 8. h3 a6
9. f4 Bd7 10. g4 Rb8 11. Ng3 b5 12. f5 b4 13. Nce2 a5 14. Bg5 h6 15. Be3 g5 16.
Qd2 Kh7 17. Rab1 Ne5 18. Nh5 Nxh5 19. gxh5 Bf6 20. h4 Rg8 21. hxg5 Bxg5 22. Bxg5
Rxg5 23. Nf4 Bc6 24. Qe2 Qg8 25. Kh1 Qg7 26. Rg1 Rg8 27. Qf2 Ng4 28. Qe2 Qd4 29.
Qf3 Ne3 30. c3 bxc3 31. bxc3 Qf6 32. Qxe3 Rg3 33. Qe2 Qh4+ 34. Nh3 Rxh3+ 35. Bxh3
Qxh3+ 36. Qh2 Qxd3 37. Rxg8 Qxb1+ 38. Qg1 Bxe4+ 39. Kh2 Qxg1+ 40. Rxg1 Bxf5 41.
Kg3 Kg7 42. Kf4+ Kf6 43. Rg8 e5+ 44. Ke3 Bb1 45. a3 d5 46. Rg1 d4+ 47. cxd4 cxd4+
48. Kd2 Bf5 49. Rg3 e4 50. Rg1 e3+ 51. Ke2 Ke5 52. Rg7 Ke4 53. Rxf7 d3+ 54. Kd1
Bg4+ 55. Ke1 d2+ 0-1

[Event "Druzynowe Mistrzostw Polski Juniorow - II Liga"]
[Site "Wroclaw"]
[Date "1899-12-30"]
[Round "9.61"]
[White "Borowik, Wojciech"]
[Black "Lichorad, Mateusz"]
[Result "1/2-1/2"]
[WhiteTitle "I++"]
[BlackTitle "I+"]
[WhiteElo "1746"]
[BlackElo "1983"]

1. d4 Nf6 2. c4 e6 3. Nc3 Bb4 4. f3 c5 5. d5 O-O 6. e4 d6 7. Bd3 a6 8. Nge2 Nbd7
9. dxe6 fxe6 10. a3 Ba5 11. f4 b5 12. O-O b4 13. Na4 Bb7 14. Ng3 Qc7 15. Re1 bxa3
16. Re2 axb2 17. Bxb2 e5 18. f5 Nb8 19. Re3 Nc6 20. Nh5 Nxh5 21. Qxh5 Qf7 22.
Qg4 Bd2 23. Rh3 Ne7 24. Rf1 Bc6 25. Nxc5 dxc5 26. Bxe5 Bd7 27. Qh4 h6 28. Rg3
Bg5 29. Rxg5 hxg5 30. Qxg5 Nc6 31. Bc3 Nd4 32. f6 Ne6 33. Qg3 g5 34. Bd2 Qh5 35.
e5 Kf7 36. Be4 Rad8 37. Bd5 Qh4 38. Qa3 Rh8 39. h3 Qd4+ 40. Be3 Qxe5 41. Bxc5
g4 42. Bb6 Rde8 43. Qxa6 gxh3 44. Qa7 Qd6 45. Bc5 Ra8 46. Bxa8 Nxc5 47. Bd5+ Kg6
48. Qa1 Bf5 49. Qd4 hxg2 50. Bf7+ Kxf7 51. Qxd6 gxf1=Q+ 52. Kxf1 Ne6 53. Qe7+
Kg6 54. c5 Rf8 55. c6 Rxf6 56. c7 Ng7 57. Qd8 Rc6 58. Ke1 Be6 59. Kf2 Kf7 60.
Qd4 Ne8 61. Qf4+ Ke7 62. Qg5+ Kf7 1/2-1/2

[Event "Druzynowe Mistrzostw Polski Juniorow - II Liga"]
[Site "Wroclaw"]
[Date "1899-12-30"]
[Round "9.62"]
[White "Mosny, Kamil"]
[Black "Pojawa, Jakub"]
[Result "1-0"]
[WhiteTitle "I"]
[BlackTitle "II"]
[WhiteElo "1730"]
[BlackElo "1369"]

1. d4 d5 2. c4 e5 3. dxe5 d4 4. Nf3 Nc6 5. a3 Nge7 6. g3 Ng6 7. Bg5 Be7 8. Bxe7
Qxe7 9. Nxd4 Ngxe5 10. Bg2 Nxd4 11. Qxd4 Bh3 12. O-O Bxg2 13. Kxg2 O-O 14. Nc3
Rfd8 15. Qe4 Qc5 16. b3 c6 17. Rfd1 Re8 18. Qd4 Qa5 19. Ne4 Rad8 20. Qc5 Qxc5
21. Nxc5 b6 22. Ne4 Kf8 23. Nc3 f5 24. h3 g5 25. Rxd8 Rxd8 26. Rd1 Rxd1 27. Nxd1
Ke7 28. Ne3 Ke6 29. f4 gxf4 30. gxf4 Nd7 31. Kf3 Nc5 32. b4 Ne4 33. Nf1 Kd6 34.
Ke3 a5 35. Nd2 Nc3 36. Kd3 Nd1 37. e4 Nf2+ 38. Ke3 Nxh3 39. exf5 axb4 40. Ne4+
Ke7 41. axb4 h6 42. f6+ Kf7 43. f5 Ng5 44. Nxg5+ hxg5 45. Kf3 c5 46. bxc5 bxc5
47. Kg3 Kxf6 48. Kg4 Ke5 49. Kxg5 Kd4 50. f6 Kxc4 51. f7 Kb3 52. f8=Q c4 53. Qf7
Kc3 54. Kf4 Kd3 55. Qd5+ Kc3 56. Ke3 Kb4 57. Kd4 Ka3 58. Qb5 Ka2 59. Kc3 Ka3 60.
Qa5# 1-0

[Event "Druzynowe Mistrzostw Polski Juniorow - II Liga"]
[Site "Wroclaw"]
[Date "1899-12-30"]
[Round "9.63"]
[White "Bartnik, Michal"]
[Black "Smolinski, Wojciech"]
[Result "1-0"]
[WhiteTitle "II+"]
[BlackTitle "II"]
[WhiteElo "1591"]
[BlackElo "1278"]

1. e4 e6 2. d4 d5 3. Nd2 Nf6 4. e5 Nfd7 5. f4 c5 6. c3 Nc6 7. Ndf3 Be7 8. a3 c4
9. Be2 Nb6 10. Nh3 Bd7 11. Nf2 Na5 12. O-O Nb3 13. Rb1 Qc7 14. Be3 O-O-O 15. Qe1
Rdg8 16. Nh1 Qd8 17. g4 g6 18. Ng3 h5 19. h3 hxg4 20. hxg4 Be8 21. Kg2 Rh7 22.
Rh1 Rgh8 23. Rxh7 Rxh7 24. Qf2 Bd7 25. Rh1 Rxh1 26. Kxh1 Qh8+ 27. Kg2 Qg7 28.
Qe1 Qh7 29. Bd1 Ba4 30. Bc2 Na5 31. Qb1 Bxc2 32. Qxc2 Nc6 33. f5 gxf5 34. gxf5
Bd8 35. Ng5 Bxg5 36. Bxg5 Kc7 37. Qf2 exf5 38. Qxf5 Qxf5 39. Nxf5 Nc8 40. Nh6
Kd7 41. Nxf7 Ke6 42. Nh6 Nb6 43. Kf2 Na4 44. Bc1 Na5 45. Ke2 Nb3 46. Kd1 a6 47.
Ng4 Kf5 48. Ne3+ Ke6 49. Ng2 Nb6 50. Nf4+ Ke7 51. Nh5 Ke6 52. Bg5 Na1 53. Ng7+
Kd7 54. e6+ Kc8 55. e7 1-0

[Event "Druzynowe Mistrzostw Polski Juniorow - II Liga"]
[Site "Wroclaw"]
[Date "1899-12-30"]
[Round "9.64"]
[White "Fronczek, Michal"]
[Black "Wawrukiewicz, Szymon"]
[Result "1/2-1/2"]
[WhiteTitle "III"]
[BlackTitle "II"]
[WhiteElo "1092"]
[BlackElo "1307"]

1. e4 d5 2. exd5 Qxd5 3. Nf3 Nf6 4. d4 a6 5. Be3 g6 6. Nc3 Qd6 7. Bc4 Bg7 8. h3
O-O 9. O-O b5 10. Bb3 Bb7 11. Qe2 Nbd7 12. Rad1 e6 13. a3 Nb6 14. Rfe1 Nbd5 15.
Nxd5 exd5 16. Qd3 Ne4 17. Nd2 Nf6 18. Nf3 Kh8 19. Ne5 Nd7 20. Bf4 Kg8 21. Nxd7
Qxd7 22. c3 Rfe8 23. Re3 Rxe3 24. Bxe3 Re8 25. Re1 Qd6 26. Re2 Qe6 27. Bd1 c6
28. Bf4 Qd7 29. Rxe8+ Qxe8 30. Qe3 Qxe3 31. Bxe3 Bc8 32. Bc2 Kf8 33. Kf1 Ke7 34.
Ke2 Kf6 35. Kf3 Bf5 36. Bxf5 Kxf5 37. g4+ Ke6 38. Ke2 Bf8 39. b4 Bd6 40. f4 f5
1/2-1/2

[Event "Druzynowe Mistrzostw Polski Juniorow - II Liga"]
[Site "Wroclaw"]
[Date "1899-12-30"]
[Round "9.65"]
[White "Gladyszewska, Kinga"]
[Black "Trybus, Dominika"]
[Result "0-1"]
[WhiteTitle "I"]
[BlackTitle "I++"]
[WhiteElo "1225"]
[BlackElo "1532"]

1. d4 Nf6 2. c4 g6 3. Nc3 Bg7 4. Nf3 O-O 5. h3 d6 6. Bf4 c6 7. e3 Nbd7 8. Be2 Ne8
9. O-O Nc7 10. Qc2 e5 11. Bg3 Qe7 12. Rad1 Re8 13. dxe5 dxe5 14. Ne4 Nc5 15. Nd6
Rd8 16. Nxc8 Raxc8 17. b4 Nd7 18. a3 a5 19. Qb3 axb4 20. axb4 b5 21. Bh4 Nf6 22.
c5 e4 23. Nd4 Qe8 24. Ra1 Ra8 25. Ra2 Rxa2 26. Qxa2 Ra8 27. Qb3 Nfd5 28. Bg3 Ra4
29. Nc2 Qa8 30. f3 exf3 31. Bxf3 Ne6 32. Rd1 Ra2 33. Bxd5 cxd5 34. Nd4 Nxd4 35.
exd4 Ra3 36. Qc2 Rxg3 37. Qf2 Ra3 38. Rf1 Ra7 39. Qf4 Re7 40. Kh2 Qe8 41. Qf3
Re4 42. Rc1 Bxd4 43. Rf1 Be5+ 44. Kh1 Bc7 45. Qd3 Qe5 46. g3 Re3 47. Qc2 Rxg3
48. Rf2 Qe1+ 49. Kh2 Rg1+ 0-1

[Event "Druzynowe Mistrzostw Polski Juniorow - II Liga"]
[Site "Wroclaw"]
[Date "1899-12-30"]
[Round "9.66"]
[White "Zylak, Emilia"]
[Black "Borowik, Monika"]
[Result "0-1"]
[WhiteTitle "III"]
[BlackTitle "I"]
[WhiteElo "1000"]
[BlackElo "1380"]

1. d4 Nf6 2. c4 g6 3. Nc3 Bg7 4. e4 d6 5. Be2 O-O 6. Bg5 Nc6 7. Qd2 e5 8. d5 Nd4
9. h4 Nxe2 10. Ngxe2 Qd7 11. f3 h5 12. O-O-O Nh7 13. Be3 f5 14. g3 fxe4 15. fxe4
Nf6 16. Rdf1 a6 17. a4 Kh7 18. Bg5 b5 19. cxb5 axb5 20. axb5 Nxe4 21. Qc2 Nxg5
22. hxg5 Qg4 23. Qd2 Ra1+ 24. Nb1 Rxf1+ 25. Rxf1 Qc4+ 26. Qc2 Qxc2+ 27. Kxc2 Bf5+
28. Kc3 Rxb1 29. Rf2 e4+ 30. Nd4 Rd1 31. Kc4 Rxd4+ 32. Kb3 Rxd5 0-1

[Event "Druzynowe Mistrzostw Polski Juniorow - II Liga"]
[Site "Wroclaw"]
[Date "1899-12-30"]
[Round "9.67"]
[White "Bauer, Marika"]
[Black "Kaczmarek, Jan"]
[Result "0-1"]
[WhiteTitle "II"]
[BlackTitle "II+"]
[WhiteElo "1142"]
[BlackElo "1596"]

1. e4 c5 2. Nf3 g6 3. d4 cxd4 4. Nxd4 Nc6 5. Nb3 Bg7 6. Nc3 d6 7. Be2 Nf6 8. Bg5
O-O 9. Qd2 a5 10. a4 Be6 11. Bh6 Qb6 12. Bxg7 Kxg7 13. Nd5 Qxf2+ 14. Kxf2 Nxe4+
15. Ke1 Nxd2 16. Nc7 Nxb3 17. Nxe6+ fxe6 18. cxb3 Nd4 19. Bd1 Rac8 20. Rf1 Nc2+
21. Bxc2 Rxc2 22. Rxf8 Kxf8 23. Kf1 Rxb2 24. Ra3 e5 25. h3 Kf7 26. Kg1 Kf6 27.
Kh2 Kf5 28. Kg3 d5 29. Kf3 e4+ 0-1

[Event "Druzynowe Mistrzostw Polski Juniorow - II Liga"]
[Site "Wroclaw"]
[Date "1899-12-30"]
[Round "9.68"]
[White "Gluszynski, Michal"]
[Black "Kraczek, Cezary"]
[Result "0-1"]
[WhiteTitle "II"]
[BlackTitle "I"]
[WhiteElo "1513"]
[BlackElo "1657"]

1. d4 Nf6 2. Nf3 c5 3. d5 e6 4. c4 exd5 5. cxd5 d6 6. Nc3 g6 7. e4 Bg7 8. Be2 a6
9. a4 O-O 10. O-O Re8 11. Nd2 Nbd7 12. Qc2 Rb8 13. f4 Qe7 14. h3 Nh5 15. Bxh5
gxh5 16. Nc4 b5 17. axb5 axb5 18. Na5 Bd4+ 19. Kh2 Qh4 20. Nc6 Nf6 21. Nxd4 cxd4
22. Ne2 Nxe4 23. f5 Nc5 24. Qd2 Qf6 25. Nxd4 Bb7 26. b3 Bxd5 27. Bb2 Qe5+ 28.
g3 Qe3 29. Qd1 Nxb3 30. Bc1 Qxd4 0-1

[Event "Druzynowe Mistrzostw Polski Juniorow - II Liga"]
[Site "Wroclaw"]
[Date "1899-12-30"]
[Round "9.69"]
[White "Rosc, Ignacy"]
[Black "Skrzypinski, Jan"]
[Result "1-0"]
[WhiteTitle "II+"]
[BlackTitle "I"]
[WhiteElo "1527"]
[BlackElo "1647"]

1. d4 Nf6 2. Nf3 g6 3. Bf4 Bg7 4. e3 O-O 5. Be2 d6 6. O-O Nbd7 7. h3 c5 8. c3 a6
9. a4 Qb6 10. Nbd2 d5 11. Qb3 Qxb3 12. Nxb3 Ne4 13. Nbd2 Nxd2 14. Nxd2 f6 15.
Bf3 e6 16. Bd6 Rd8 17. dxc5 Ne5 18. Be2 Nf7 19. Bc7 Re8 20. Rab1 Bd7 21. Bd1 f5
22. Nf3 Rec8 23. Bb6 a5 24. Nd4 Bf8 25. b4 axb4 26. cxb4 Ne5 27. Bb3 Bxa4 28.
Nxe6 Bxb3 29. Rxb3 Nc4 30. Nc7 Ra4 31. Rd1 Nxb6 32. cxb6 Bxb4 33. Rxd5 Ra1+ 34.
Kh2 Be1 35. Rb2 Ba5 36. Rd7 Bc3 37. Rb3 Be1 38. Nd5 Rc2 39. Nf6+ Kf8 40. Rbd3
Bxf2 41. Nxh7+ Kg8 42. Nf6+ Kf8 43. Rxb7 Bg1+ 44. Kg3 f4+ 45. exf4 Bxb6 46. Nd7+
Ke8 47. Nxb6 Rg1 48. Re3+ Kf8 49. Nd7+ Kf7 50. Ne5+ Kf6 51. Ng4+ Kf5 52. Re5#
1-0

[Event "Druzynowe Mistrzostw Polski Juniorow - II Liga"]
[Site "Wroclaw"]
[Date "1899-12-30"]
[Round "9.70"]
[White "Stachowiak, Bruno"]
[Black "Bauer, Maja"]
[Result "1-0"]
[WhiteTitle "II"]
[BlackTitle "I"]
[WhiteElo "1462"]
[BlackElo "1372"]

1. e4 c5 2. c4 Nc6 3. Ne2 Nf6 4. Nbc3 g6 5. d4 cxd4 6. Nxd4 d6 7. Be3 Bg7 8. Be2
O-O 9. O-O Bd7 10. f3 a5 11. Qd2 a4 12. Rac1 Qa5 13. Rfd1 Rfc8 14. Nc2 Ne5 15.
b4 axb3 16. axb3 Ne8 17. Nd5 Qxd2 18. Rxd2 Rcb8 19. Nxe7+ Kf8 20. Nd5 Be6 21.
Nb6 Ra5 22. Nd4 Ke7 23. Nb5 Nd7 24. Rcd1 Nxb6 25. Bxb6 Ra6 26. Bd4 Bh6 27. Rb2
Bd7 28. c5 Bxb5 29. Bxb5 Ra5 30. Bxe8 Rxe8 31. cxd6+ Kd7 32. Rc2 Ra6 33. Rc7+
Kxd6 34. Rxf7 Ke6 35. Rxb7 Rd6 36. Rb6 Red8 37. Rxd6+ Rxd6 38. Kf2 Bg7 39. Ke3
Be5 40. f4 Bg7 41. e5 Ra6 42. Ra1 Rc6 43. Ra7 Bf8 44. Ke4 h6 45. g4 Be7 46. f5+
gxf5+ 47. gxf5+ Kf7 48. f6 Rc1 49. Rxe7+ Kf8 50. Kf5 Rf1+ 51. Ke6 h5 52. Bc5 h4
53. Rg7+ Ke8 54. Rg8# 1-0

[Event "Druzynowe Mistrzostw Polski Juniorow - II Liga"]
[Site "Wroclaw"]
[Date "1899-12-30"]
[Round "9.71"]
[White "Fic, Joanna"]
[Black "Gac-mytych, Sara"]
[Result "1-0"]
[WhiteTitle "II+"]
[BlackTitle "II+"]
[WhiteElo "1057"]
[BlackElo "1176"]

1. e4 c6 2. d4 d5 3. exd5 cxd5 4. Bd3 Nc6 5. c3 Qc7 6. Qe2 e6 7. Nf3 Bd6 8. O-O
h6 9. Re1 Nf6 10. Nbd2 O-O 11. Ne5 Nd7 12. Ndf3 Ndxe5 13. Nxe5 f6 14. Nf3 Bf4
15. Qc2 Bd7 16. Bh7+ Kh8 17. g3 Bxc1 18. Raxc1 f5 19. Bg6 Rf6 20. Nh4 Ne7 21.
Bh5 Rg8 22. Be2 g5 23. Nf3 h5 24. Ne5 h4 25. Qd3 a6 26. a3 Bb5 27. Qe3 Bxe2 28.
Rxe2 f4 29. Qf3 Nc6 30. Ng4 Rfg6 31. Rce1 Qd6 32. Ne5 Nxe5 33. Qh5+ Kg7 34. Rxe5
Rh8 35. Qg4 hxg3 36. fxg3 fxg3 37. hxg3 Re8 38. Rxg5 Rxg5 39. Qxg5+ Kf8 40. Rf1+
1-0

[Event "Druzynowe Mistrzostw Polski Juniorow - II Liga"]
[Site "Wroclaw"]
[Date "1899-12-30"]
[Round "9.72"]
[White "Pniewska, Beata"]
[Black "Kucia, Kinga"]
[Result "1-0"]
[WhiteTitle "I"]
[BlackTitle "I"]
[WhiteElo "1361"]
[BlackElo "1208"]

1. c4 c6 2. d4 d5 3. cxd5 cxd5 4. Nc3 Nf6 5. Bg5 e6 6. Nf3 Nc6 7. e3 Be7 8. Bb5
O-O 9. O-O Bd7 10. Rc1 Rc8 11. Bxc6 bxc6 12. Ne5 h6 13. Bh4 c5 14. Qf3 Ne8 15.
Bg3 Nd6 16. dxc5 Rxc5 17. Ne2 Rc8 18. Rxc8 Qxc8 19. Rc1 Qd8 20. Nd4 Ne4 21. Nxd7
Qxd7 22. Rc7 Qe8 23. Rxa7 Bf6 24. h3 e5 25. Nb3 Qb8 26. Ra5 Rd8 27. Qg4 Qb6 28.
Qe2 Nxg3 29. fxg3 Bg5 30. Kf2 Rd6 31. Rc5 Rf6+ 32. Kg1 Rd6 33. Qd3 d4 34. exd4
exd4 35. Rc8+ Bd8 36. Kh2 g6 37. Rc2 Kg7 38. Nc5 Bf6 39. b3 Rc6 40. Nd7 Qc7 41.
Nxf6 Kxf6 42. Qxd4+ Ke7 43. Qe4+ Kd7 44. Qd5+ Ke8 45. Qxc6+ Qxc6 46. Rxc6 1-0

[Event "Druzynowe Mistrzostw Polski Juniorow - II Liga"]
[Site "Wroclaw"]
[Date "1899-12-30"]
[Round "9.73"]
[White "Kebel, Bartosz"]
[Black "May, Jakub"]
[Result "1/2-1/2"]
[WhiteTitle "II+"]
[BlackTitle "II"]
[WhiteElo "1607"]
[BlackElo "1271"]

1. d4 f5 2. c4 Nf6 3. Nc3 e6 4. Bf4 Be7 5. Nf3 O-O 6. e3 d6 7. h3 Ne4 8. Qc2 Nxc3
9. Qxc3 a5 10. a3 Bf6 11. Bd3 Nc6 12. Qc2 e5 13. dxe5 dxe5 14. Bg3 e4 15. Be2
exf3 16. Bxf3 Ne5 17. Bd5+ Kh8 18. Rd1 Qe7 19. O-O c6 20. Bxe5 Bxe5 21. Bf3 Qg5
22. Bxc6 f4 23. exf4 Bxf4 24. Bd7 Bxd7 25. Rxd7 b6 26. Rfd1 Rad8 27. Rxd8 Rxd8
28. Rxd8+ Qxd8 29. g3 Be5 30. b4 axb4 31. axb4 h6 32. c5 Qc7 33. Kh2 bxc5 34.
bxc5 Qc6 35. Qd2 Qxc5 36. Qd8+ Kh7 37. Qd3+ g6 38. Qd7+ Bg7 39. Kg2 Qf8 40. Qd5
Bc3 41. Qe4 Qf5 42. Qb7+ Bg7 43. Qc6 Qf6 44. Qe4 Qe5 45. Qb7 1/2-1/2

[Event "Druzynowe Mistrzostw Polski Juniorow - II Liga"]
[Site "Wroclaw"]
[Date "1899-12-30"]
[Round "9.74"]
[White "Rychlik, Michal"]
[Black "Sleczka, Krzysztof"]
[Result "1/2-1/2"]
[WhiteTitle "II"]
[BlackTitle "II+"]
[WhiteElo "1354"]
[BlackElo "1443"]

1. d4 d5 2. c4 e6 3. Nf3 Nf6 4. g3 c6 5. Bg2 Be7 6. O-O O-O 7. b3 Nbd7 8. Nc3 Re8
9. Qc2 b6 10. e4 dxe4 11. Nxe4 Nxe4 12. Qxe4 Bb7 13. Rd1 Nf6 14. Qe2 Rc8 15. Bf4
Bd6 16. Ne5 Qe7 17. Rac1 c5 18. dxc5 Bxc5 19. Bg5 Bxg2 20. Rd7 Nxd7 21. Bxe7 Rxe7
22. Kxg2 Nxe5 23. Qxe5 Rd7 24. Qe1 a5 25. Rd1 Rcd8 26. Rxd7 Rxd7 27. Qc1 Rd3 28.
Qc2 Rd4 29. Qb2 Rd3 30. Qc2 Rd4 31. Qb2 Rd3 32. a3 a4 33. b4 Be7 34. Qc2 Rxa3
35. c5 bxc5 36. bxc5 1/2-1/2

[Event "Druzynowe Mistrzostw Polski Juniorow - II Liga"]
[Site "Wroclaw"]
[Date "1899-12-30"]
[Round "9.75"]
[White "Uhryn, Mateusz"]
[Black "Kolendo, Tymon"]
[Result "1/2-1/2"]
[WhiteTitle "I"]
[BlackTitle "III"]
[WhiteElo "1482"]
[BlackElo "1126"]

1. c4 e6 2. d4 d5 3. Nf3 c5 4. e3 Nc6 5. Nc3 Nf6 6. b3 Be7 7. Be2 O-O 8. O-O b6
9. Bb2 Bb7 10. Qd2 Qd7 11. Rfd1 Rfd8 12. Rac1 Rac8 13. Qe1 Qe8 14. cxd5 Nxd5 15.
Nxd5 exd5 16. Qf1 Bf6 17. Bb5 Qe6 18. Ba1 Na5 19. dxc5 bxc5 20. Bxf6 Qxf6 21.
Qe1 Qb6 22. Ba4 Bc6 23. Bxc6 Nxc6 24. Qc3 Ne7 25. Qe5 Qe6 26. Qg5 f6 27. Qf4 Rd7
28. h3 Rdc7 29. a4 Rb7 30. Rb1 Rb4 31. Qg3 Rcb8 32. Rbc1 Rc8 33. Rb1 Rcb8 1/2-1/2

[Event "Druzynowe Mistrzostw Polski Juniorow - II Liga"]
[Site "Wroclaw"]
[Date "1899-12-30"]
[Round "9.77"]
[White "Klintsevich, Aliaksandra"]
[Black "Lazniewska, Zofia"]
[Result "1/2-1/2"]
[WhiteTitle "I"]
[BlackTitle "I+"]
[WhiteElo "1428"]
[BlackElo "1561"]

1. d4 d5 2. c4 e6 3. Nc3 Nf6 4. Bf4 c6 5. cxd5 exd5 6. e3 Be7 7. Nf3 Nbd7 8. Bd3
O-O 9. O-O Re8 10. Rb1 Nf8 11. h3 Ne6 12. Bh2 Bd6 13. b4 a6 14. a4 Bxh2+ 15. Kxh2
g6 16. b5 axb5 17. axb5 Ng7 18. Qc2 Bf5 19. Bxf5 Nxf5 20. bxc6 bxc6 21. Na4 Ne7
22. Ne5 Qd6 23. Nc5 Reb8 24. g3 Kg7 25. Rfc1 Rxb1 26. Rxb1 Rb8 27. Rc1 Rb6 28.
Ra1 Qc7 29. Ra8 Rb5 30. Qa2 Rxc5 31. dxc5 Qxe5 32. Qc2 Ne4 33. Kg2 Nf6 34. Kh2
h5 35. Kg1 Ne4 36. Kg2 Ng5 37. Re8 Qf6 38. Qe2 Ne4 39. Qc2 Qe6 40. Qb2+ Nf6 41.
Ra8 Qe4+ 42. Kg1 Qe6 43. Kg2 Qe4+ 44. Kg1 Qe6 45. Kg2 Qe4+ 46. Kg1 Qe6 1/2-1/2

[Event "Druzynowe Mistrzostw Polski Juniorow - II Liga"]
[Site "Wroclaw"]
[Date "1899-12-30"]
[Round "9.78"]
[White "Michalska, Lena"]
[Black "Popczynska, Maja"]
[Result "0-1"]
[WhiteTitle "I"]
[BlackTitle "I+"]
[WhiteElo "1324"]
[BlackElo "1346"]

1. c4 c5 2. Nc3 Nc6 3. g3 g6 4. Bg2 Bg7 5. Nf3 e6 6. e3 Nge7 7. d4 cxd4 8. Nxd4
Nxd4 9. exd4 d5 10. cxd5 exd5 11. O-O O-O 12. Qb3 Bxd4 13. Nxd5 Nxd5 14. Bxd5
Qe7 15. Bh6 Bg7 16. Bxg7 Kxg7 17. Rfe1 Qf6 18. Re3 Rb8 19. Rae1 Bf5 20. Re7 Kg8
21. Rxb7 Rxb7 22. Qxb7 Qd4 23. Kg2 g5 24. Re7 Bg6 25. b3 Qd2 26. b4 Qd3 27. a4
h5 28. a5 h4 29. Be4 Bxe4+ 30. Qxe4 h3+ 31. Kxh3 Qf1+ 32. Kg4 f5+ 33. Qxf5 Rxf5
34. Kxf5 Qxf2+ 35. Kxg5 Qd2+ 36. Kf5 Qxb4 37. Re5 Qf8+ 38. Ke4 Qf2 39. Rg5+ Kh7
40. Rh5+ Kg6 41. g4 Qc2+ 42. Kf4 Qd3 43. h3 a6 44. Rg5+ Kf6 45. Rf5+ Ke6 46. Rh5
Kd6 47. Kg5 Qd2+ 48. Kh4 Qe1+ 49. Kg5 Qxa5+ 50. Kh6 Qd2+ 51. Kh7 Qd3+ 52. Kg8
Qg6+ 53. Kh8 Ke6 54. Ra5 Kf7 55. Rf5+ Qxf5 56. gxf5 a5 57. h4 a4 58. h5 a3 59.
Kh7 a2 60. h6 a1=Q 61. f6 Qg1 62. Kh8 Qg8# 0-1

[Event "Druzynowe Mistrzostw Polski Juniorow - II Liga"]
[Site "Wroclaw"]
[Date "1899-12-30"]
[Round "9.79"]
[White "Makhynia, Kostiantyn"]
[Black "Doroba, Ludwik"]
[Result "1-0"]
[WhiteTitle "II"]
[BlackTitle "II"]
[WhiteElo "1717"]
[BlackElo "1421"]

1. d4 d5 2. c4 c6 3. Nf3 Nf6 4. g3 Bf5 5. Nc3 e6 6. Nh4 Bg6 7. Qb3 Qb6 8. Nxg6
hxg6 9. c5 Qxb3 10. axb3 Na6 11. Ra4 Be7 12. Bf4 Kd7 13. b4 Nc7 14. Bxc7 Kxc7
15. b5 a5 16. b6+ Kd7 17. e3 Ne4 18. Nxe4 dxe4 19. Bg2 f5 20. h4 e5 21. Ke2 Ke6
22. Rha1 Rad8 23. Rd1 Rd7 24. Rc4 Rhd8 25. f3 exf3+ 26. Kxf3 Bf6 27. Bh3 Kf7 28.
g4 fxg4+ 29. Bxg4 Rd5 30. e4 Rxd4 31. Rcxd4 exd4 32. Rf1 Bxh4 33. e5 Ke7 34. Ke4
d3 35. Ra1 d2 36. Bd1 Ra8 37. b4 a4 38. Rxa4 Rxa4 39. Bxa4 Bf2 40. Kd3 Ke6 41.
Kxd2 Kxe5 42. Bxc6 Ke6 43. Bxb7 g5 44. Kd3 g4 45. Bc8+ Kd5 46. Bxg4 Be1 47. Bf3+
1-0

[Event "Druzynowe Mistrzostw Polski Juniorow - II Liga"]
[Site "Wroclaw"]
[Date "1899-12-30"]
[Round "9.80"]
[White "Rumniak, Aleksy"]
[Black "Gajec, Roza"]
[Result "1/2-1/2"]
[WhiteTitle "II"]
[BlackTitle "I"]
[WhiteElo "1291"]
[BlackElo "1268"]

1. e4 c5 2. Nf3 e6 3. d4 cxd4 4. Nxd4 Nc6 5. Nc3 Nf6 6. Nxc6 bxc6 7. Bd3 Qc7 8.
O-O Be7 9. b3 O-O 10. Bb2 d5 11. Qe2 Bd6 12. h3 a6 13. Na4 e5 14. c4 dxc4 15.
Bxc4 Bb7 16. Rac1 Qe7 17. Rc2 c5 18. Bd3 Bc6 19. Nb6 Rab8 20. Nc4 Bc7 21. Rfc1
Bb5 22. Ne3 Bb6 23. Bxb5 axb5 24. Nd5 Nxd5 25. exd5 Qd7 26. Qxe5 f6 27. Qh5 Rbd8
28. Rd1 Qd6 29. Re2 Bc7 30. g3 Qd7 31. Kg2 Rfe8 32. Rxe8+ Rxe8 33. Qf3 Bd6 34.
Qd3 Ra8 35. a3 Re8 36. Qf3 1/2-1/2

[Event "Druzynowe Mistrzostw Polski Juniorow - II Liga"]
[Site "Wroclaw"]
[Date "1899-12-30"]
[Round "9.81"]
[White "Rzasa, Mateusz"]
[Black "Wolski, Ernest"]
[Result "0-1"]
[WhiteTitle "II"]
[BlackTitle "II"]
[WhiteElo "1034"]
[BlackElo "1216"]

1. f4 e5 2. e4 exf4 3. Nf3 g5 4. h3 Bg7 5. d4 h6 6. Bc4 d6 7. Nc3 Ne7 8. Bd2 Nbc6
9. d5 Ne5 10. Nxe5 Bxe5 11. Qf3 Ng6 12. O-O-O Bd7 13. Kb1 a6 14. Ne2 Qf6 15. Bc3
Bb5 16. Bxb5+ axb5 17. Bxe5 Qxe5 18. Qb3 O-O 19. Nc3 c6 20. Rhe1 Rfd8 21. Qb4
Qe7 22. Re2 Ne5 23. b3 f6 24. Kb2 Qc7 25. Kb1 Qa5 26. Qxa5 Rxa5 27. dxc6 bxc6
28. Red2 b4 29. Na4 Nf7 30. Rd4 Rb5 31. c4 Re5 32. c5 d5 33. exd5 Rexd5 34. Rxd5
Rxd5 35. Rxd5 cxd5 36. Nb6 Nd8 37. Nxd5 Nc6 38. Nxf6+ Kf7 39. Nd5 Ke6 40. Nb6
Ke5 41. Kc2 Kd4 42. Kd2 Kxc5 43. Nc4 Kd5 44. Kd3 Ne5+ 45. Nxe5 Kxe5 46. Kc4 h5
47. Kd3 Kd5 48. Ke2 Ke4 49. Kf2 g4 50. Ke2 Kd4 51. Kd2 f3 0-1